000 00824nam a22002897a 4500
003 CHAP
005 20220329140541.0
008 971013s1949 r 00010 d
010 _a53768
011 _a54740
035 _a58891
040 _cCHAP
082 _a580
_bR85
100 0 0 _aRuiz Oronoz, Manuel.
_9100750
245 _aTratado elemental de botánica
250 _a3 ed.
260 _aMéxico, D. F. :
_bE. C. L. A. L.,
_c1949
300 _a726 p.
_b: ilus.
590 _aBATCH-UPD
_b10
_c20130110
_lUCH01
_h1819
590 _aBATCH-UPD
_b10
_c20130410
_lUCH01
_h1153
590 _aBATCH-UPD
_b10
_c20130914
_lUCH01
_h0733
590 _aCONVERSION
_b10
_c20130109
_lUCH01
_h1329
650 1 4 _aBotánica.
_914477
901 _aBK
942 _cLIBRO
949 _a580 R85
_bBC
_cLIBRO
_d-127588
_eLIBRO
_h28049
_i58891
_si
999 _c53768
_d53768